Modules in general psychology (Record no. 13467)
[ view plain ]
| 000 -LEADER | |
|---|---|
| fixed length control field | 00603nam a22002057a 4500 |
| 003 - CONTROL NUMBER IDENTIFIER | |
| control field | OSt |
| 005 - DATE AND TIME OF LATEST TRANSACTION | |
| control field | 20140310182437.0 |
| 008 - FIXED-LENGTH DATA ELEMENTS--GENERAL INFORMATION | |
| fixed length control field | 130221t xxu||||| |||| 00| 0 eng d |
| 020 ## - INTERNATIONAL STANDARD BOOK NUMBER | |
| International Standard Book Number | 9718581618 |
| 050 ## - LIBRARY OF CONGRESS CALL NUMBER | |
| Classification number | BF 121 |
| Item number | .B352 2003 |
| 082 ## - DEWEY DECIMAL CLASSIFICATION NUMBER | |
| Classification number | |
| Item number | |
| 245 ## - TITLE STATEMENT | |
| Title | Modules in general psychology |
| Statement of responsibility, etc | Edgar L. Bautista, Miriam Grace B. Aquino, Cipriano R. Magnaye,Jr.; edited by Ernie T, Bhagwani |
| 260 ## - PUBLICATION, DISTRIBUTION, ETC. (IMPRINT) | |
| Place of publication, distribution, etc | Quezon City : |
| Name of publisher, distributor, etc | Great Books Trading, |
| Date of publication, distribution, etc | 2003. - |
| 300 ## - PHYSICAL DESCRIPTION | |
| Extent | vi, 171 p. : |
| Other physical details | ill. ; |
| Dimensions | 23 cm. |
| 521 ## - TARGET AUDIENCE NOTE | |
| Target audience note | |
| 526 ## - STUDY PROGRAM INFORMATION NOTE | |
| Reading level | |
| 541 ## - IMMEDIATE SOURCE OF ACQUISITION NOTE | |
| -- | 1 |
| 562 ## - COPY AND VERSION IDENTIFICATION NOTE | |
| Number of copies | 1 |
| 942 ## - ADDED ENTRY ELEMENTS (KOHA) | |
| Source of classification or shelving scheme | Library of Congress Classification |
| Koha item type | |
| Call number prefix | |
| Withdrawn status | Lost status | Source of classification or shelving scheme | Damaged status | Home library | Current library | Shelving location | Date acquired | Total Checkouts | Full call number | Barcode | Date last seen | Copy number | Price effective from | Koha item type |
|---|---|---|---|---|---|---|---|---|---|---|---|---|---|---|
| Library of Congress Classification | South SEED-LPDH College Library | South SEED-LPDH College Library | South SEED-LPDH College Section | 02/21/2013 | BF 121 .B352 2003 | SSLC0835 | 05/15/2018 | 1 | Books |